Länder Asiens nach Fläche (absteigende Reihenfolge) - Statistiken

Allgemein
  • Dieses Quiz wurde 26 mal gespielt
  • Das Durchschnittsergebnis liegt bei 21 aus 49
Antwortstatistiken
Hint Antwort % Korrekt
9'596'960 km² China
100%
17'098'242 km² Russland
100%
3'287'263 km² Indien
94%
1'648'195 km² Iran
94%
2'724'900 km² Kasachstan
94%
2'149'690 km² Saudi-Arabien
94%
1'904'569 km² Indonesien
88%
1'564'116 km² Mongolei
88%
796'095 km² Pakistan
69%
783'562 km² Türkei
56%
5'765 km² Brunei
50%
438'317 km² Irak
50%
719 km² Singapur
50%
652'230 km² Afghanistan
44%
298 km² Malediven
44%
676'578 km² Myanmar
44%
447'400 km² Usbekistan
44%
9'251 km² Zypern
44%
760 km² Bahrain
38%
527'968 km² Jemen
38%
14'874 km² Osttimor
38%
513'120 km² Thailand
38%
377'975 km² Japan
31%
11'586 km² Katar
31%
10'400 km² Libanon
31%
187'437 km² Syrien
31%
488'100 km² Turkmenistan
31%
29'743 km² Armenien
25%
86'600 km² Aserbaidschan
25%
148'460 km² Bangladesch
25%
38'394 km² Bhutan
25%
69'700 km² Georgien
25%
21'937 km² Israel
25%
89'342 km² Jordanien
25%
181'035 km² Kambodscha
25%
199'951 km² Kirgistan
25%
17'818 km² Kuwait
25%
236'800 km² Laos
25%
330'803 km² Malaysia
25%
147'181 km² Nepal
25%
120'538 km² Nordkorea
25%
309'500 km² Oman
25%
300'000 km² Philippinen
25%
65'610 km² Sri Lanka
25%
99'720 km² Südkorea
25%
144'100 km² Tadschikistan
25%
83'600 km² Vereinigte Arabische Emirate
25%
331'210 km² Vietnam
25%
1'001'450 km² Ägypten
13%
Keine übereinstimmenden Quizze gefunden
Verteilung der Resultate
Anzahl Personen mit jedem Resultat
Perzentil nach korrekt beantworteten Fragen
Ihre Resultats-Entwicklung
Sie haben dieses Quiz noch nicht gespielt